[Event "Deizisau op 3rd"]
[Site "Deizisau"]
[Date "2008.11.01"]
[Round "7"]
[White "Villani, Cristian"]
[Black "Holzinger, Eugen"]
[Result "1-0"]
[WhiteElo "2037"]
[BlackElo "2144"]
[PlyCount "61"]
[EventDate "2008.10.29"]
[EventType "swiss"]
[EventRounds "7"]
[EventCountry "GER"]
[SourceTitle "EXT 2009"]
[Source "ChessBase"]
[SourceDate "2008.11.26"]
[SourceVersion "1"]
[SourceVersionDate "2008.11.26"]
[SourceQuality "1"]

1. Nf3 d5 2. d4 Bg4 3. c4 e6 4. Qb3 b6 5. Ne5 dxc4 6. Qa4+ c6 7. Nxg4 Qxd4 8. Ne3 b5 9. Qa5 Nf6 10. Qd2 Qb6 11. Nc3 Na6 12. Qc2 0-0-0 13. g3 Bb4 14. Bg2 Bc5 15. 0-0 Nb4 16. Qb1 h5 17. Ne4 h4 18. a3 hxg3 19. axb4 gxf2+ 20. Nxf2 Bxe3 21. Bxe3 Qxe3 22. Qc1 Qb6 23. Qf4 Rd4 24. Qf3 Kb7 25. e3 Rd2 26. Ne4 Rxb2 27. Nc5+ Kc8 28. Ra6 Qb8 29. Qxc6+ Kd8 30. Rd1+ Nd5 31. Qd7# 1-0

[Event "Deizisau op 3rd"]
[Site "Deizisau"]
[Date "2008.10.30"]
[Round "2"]
[White "Tuncer, Ufuk"]
[Black "Villani, Cristian"]
[Result "1/2-1/2"]
[WhiteElo "2323"]
[BlackElo "2037"]
[PlyCount "132"]
[EventDate "2008.10.29"]
[EventType "swiss"]
[EventRounds "7"]
[EventCountry "GER"]
[SourceTitle "EXT 2009"]
[Source "ChessBase"]
[SourceDate "2008.11.26"]
[SourceVersion "1"]
[SourceVersionDate "2008.11.26"]
[SourceQuality "1"]

1. e4 e6 2. d4 d5 3. Nc3 Bb4 4. e5 Ne7 5. Bd2 Nf5 6. a3 Be7 7. Nce2 c5 8. c3 Nc6 9. Nf3 Qb6 10. b4 cxd4 11. cxd4 Bd7 12. Rb1 Rc8 13. Bc3 0-0 14. Ng3 Nh4 15. Nxh4 Bxh4 16. Ba1 Nb8 17. Qh5 Qd8 18. Bd3 g6 19. Qe2 a6 20. 0-0 Ba4 21. Rfe1 Bg5 22. Nf1 Qd7 23. Qg4 Qe7 24. f4 Bh6 25. Rbc1 Bb5 26. Bb1 Rxc1 27. Rxc1 Bxf1 28. Rxf1 Rc8 29. Qh3 Bg7 30. Bb2 Nd7 31. g4 f5 32. Qg3 Kh8 33. h4 Nb6 34. h5 Nc4 35. Bc1 gxh5 36. g5 a5 37. bxa5 Nxa5 38. Bd2 Nc4 39. Bb4 Qf7 40. Bd3 Bf8 41. Rc1 Bxb4 42. axb4 Qe7 43. Qe1 b5 44. Ra1 Qb7 45. Be2 Ne3 46. Rc1 Rxc1 47. Qxc1 Nc4 48. Qa1 h4 49. Kf2 Kg7 50. Bd3 Qb6 51. Ke2 Kg6 52. Kf3 Nd2+ 53. Ke3 Nc4+ 54. Kf2 Kg7 55. Be2 Nd2 56. Ke3 Nc4+ 57. Kd3 Qb7 58. Bf3 Nb6 59. Qa5 Qc6 60. Qa7+ Kg6 61. Qe7 Qc4+ 62. Ke3 Qc3+ 63. Ke2 Qc2+ 64. Ke1 Qc1+ 65. Ke2 Qc2+ 66. Ke1 Qc1+ 1/2-1/2